| 000 | 00834cam a2200217 4500 | ||
|---|---|---|---|
| 001 | WB3540-30 | ||
| 008 | 000000n1999 000 0 eng u | ||
| 035 | _a(Sirsi) u100462 | ||
| 245 | _aBarn guide | ||
| 260 | _c1999 | ||
| 490 |
_aTimes _v14 October 1999, 9(2) |
||
| 520 | _aThe Countryside Agency is pushing for new planning guidance to prevent 'barn blight' - poor conversions of former farm buildings into suburban-style homes. The agency has part-funded a guide for future designs of such buildings which is available from the Chiltern Area Office of Natural Beauty (01494 510954). | ||
| 590 | _aWB | ||
| 650 | _aBARN CONVERSIONS | ||
| 650 | _aREDUNDANT FARM BUILDINGS | ||
| 650 | _aDESIGN GUIDES | ||
| 650 | _aCOUNTRYSIDE AGENCY | ||
| 650 | _aPLANNING GUIDANCE | ||
| 690 | _aPLANNING LAW AND PRACTICE | ||
| 942 | _n0 | ||
| 999 |
_c60101 _d60101 |
||